| 000 | 01554nam0a2200397 4500 | ||
|---|---|---|---|
| 001 | RU\NLR\bibl\1068851 | ||
| 005 | 20250615042740.0 | ||
| 010 |
_a978-5-89392-232-5 _94000 |
||
| 021 |
_aRU _b2007-10873 _9582 |
||
| 035 | _a(nilc)RSL-KNO-003048936 | ||
| 035 | _aEL/0000099418 | ||
| 035 | _a(NLR Aleph) 001056095 | ||
| 090 |
_a909104 _c909104 |
||
| 100 | _a20061225d2007 |||y0rusy50 ca | ||
| 101 | 0 | _arus | |
| 102 | _aRU | ||
| 105 | _aa zzzz||||| | ||
| 106 | _ar | ||
| 200 | 1 |
_a100% самоучитель AutoCAD 2007 _fА.Б. Анохин |
|
| 205 | _aРус. версия | ||
| 210 |
_aМосква _cТехнолоджи-3000 _cТриумф _d2007 |
||
| 215 |
_a350 с. _cил. _d24 |
||
| 225 | 1 | _aСерия "100%" | |
| 225 | 1 | _aБыстро, легко, само100%ятельно | |
| 606 | 1 |
_aAutoCAD 2007, система автоматизированного проектирования _jУчебные издания для самообразования _92439067 _3RU\NLR\auth\661451151 |
|
| 610 | 0 | _aТехника и технические науки (в целом) -- Проектирование -- Автоматизация -- Пособие для самообразования | |
| 686 |
_aЖ2-5-05я78-1 _2rubbk |
||
| 686 | _aЖ2-5-05я78 | ||
| 700 | 1 |
_aАнохин _bА. Б. _gАнтон Борисович _4070 |
|
| 801 | 0 |
_aRU _bNLR _c20061225 _grcr |
|
| 801 | 1 |
_aRU _bNLR _c20061225 |
|
| 801 | 1 |
_aRU _bРГБ _c20061225 |
|
| 801 | 2 |
_aRU _bNLR _c20070404 _grcr |
|
| 942 | _cBOOK | ||
| 980 | _aNB | ||